00519cam a22002171 4500001001300000003000400013005001700017008004100034010001700075035002000092040001800112042001200130050001700142100002800159245002600187260001100213300002600224500001400250600002000264999001700284sa 64000398 DLC20260227111955.0890913s1962 ii a 000 0 hino  asa 64000398  a(OCoLC)20337425 aDLCcWaUdDLC apremarc00aBL1470b.L851 aLūn̲iyā, Jotamala.10aBuddha citrāvalī. c[1962] a48 p.billus.c23 cm. aIn Hindi.00aGautama Buddha. c56192d56192